[Event "Montevideo Miercoles Trebejos 2nd"]
[Site "Montevideo"]
[Date "2022.07.27"]
[Round "2"]
[White "Rey, Fernando"]
[Black "Mazzeo, Jose"]
[Result "1-0"]
[WhiteElo "1624"]
[BlackElo "1388"]
[PlyCount "65"]
[EventDate "2022.07.20"]
[EventType "swiss"]
[EventRounds "6"]
[EventCountry "URU"]
[SourceTitle "EXT 2024"]
[Source "ChessBase"]
[SourceDate "2023.10.10"]
[SourceVersion "1"]
[SourceVersionDate "2023.10.10"]
[SourceQuality "1"]

1. e4 c5 2. Nf3 Nc6 3. d4 cxd4 4. Nxd4 g6 5. Nc3 Bg7 6. Be3 Nf6 7. f3 0-0 8. Qd2 d5 9. Nxc6 bxc6 10. e5 Ne8 11. f4 Bf5 12. Be2 f6 13. g4 Be4 14. Nxe4 dxe4 15. e6 Qxd2+ 16. Bxd2 Rb8 17. Rb1 Nd6 18. 0-0 f5 19. c3 Rf6 20. gxf5 gxf5 21. c4 Rxe6 22. c5 Rg6+ 23. Kh1 Nf7 24. b4 Rd8 25. Be3 Bd4 26. Bc1 Nh6 27. Rd1 Nf7 28. Bc4 e3 29. Bxe3 Bxe3 30. Rxd8+ Kg7 31. Bxf7 Kxf7 32. Rf1 Ke6 33. Re1 1-0

[Event "URU-ch sf"]
[Site "Montevideo"]
[Date "2020.02.22"]
[Round "3"]
[White "Rey, Fernando"]
[Black "Soto, Nicolas"]
[Result "1/2-1/2"]
[WhiteElo "1640"]
[BlackElo "2002"]
[PlyCount "104"]
[EventDate "2020.02.21"]
[EventType "swiss"]
[EventRounds "8"]
[EventCountry "URU"]
[SourceTitle "CBM 195 Extra"]
[Source "ChessBase"]
[SourceDate "2020.05.31"]
[SourceVersion "1"]
[SourceVersionDate "2020.05.31"]
[SourceQuality "1"]

1. e4 e6 2. d4 d5 3. Nd2 Nf6 4. e5 Nfd7 5. Bd3 c5 6. c3 Nc6 7. Ne2 cxd4 8. cxd4 f6 9. exf6 Nxf6 10. Nf3 Bd6 11. 0-0 Qc7 12. Bg5 0-0 13. Bh4 a6 14. Bg3 Bxg3 15. Nxg3 g6 16. Rc1 Qg7 17. Re1 Ng4 18. Bb1 Bd7 19. h3 Nh6 20. Ne5 Nxe5 21. dxe5 Bc6 22. Qd4 Rf7 23. Rcd1 Raf8 24. Rd2 Rf4 25. Qc5 Qf7 26. Bd3 Kg7 27. Ree2 Rc8 28. Re1 Qd7 29. Qe3 Rcf8 30. Qc5 Ng8 31. Rc2 Ne7 32. Rec1 Qe8 33. Re1 h5 34. Ree2 h4 35. Nf1 Qf7 36. Nh2 Nf5 37. Bxf5 Qxf5 38. Ng4 d4 39. Rcd2 Re4 40. Qe7+ Rf7 41. Qxh4 Rxe2 42. Rxe2 Qb1+ 43. Kh2 Qf1 44. Qh6+ Kg8 45. Qxg6+ Kf8 46. Nh6 Rxf2 47. Rxf2+ Qxf2 48. Qg8+ Ke7 49. Qg7+ Ke8 50. Ng8 Qf4+ 51. Kg1 Qc1+ 52. Kh2 Qf4+ 1/2-1/2

[Event "Montevideo Biblioteca Nacional op"]
[Site "Montevideo"]
[Date "2019.08.06"]
[Round "6"]
[White "Pelaez, Diego"]
[Black "Rey, Fernando"]
[Result "1-0"]
[WhiteElo "1621"]
[BlackElo "1674"]
[PlyCount "73"]
[EventDate "2019.07.02"]
[EventType "swiss"]
[EventRounds "6"]
[EventCountry "URU"]
[SourceTitle "EXT 2020"]
[Source "ChessBase"]
[SourceDate "2019.10.17"]
[SourceVersion "1"]
[SourceVersionDate "2019.10.17"]
[SourceQuality "1"]

1. d4 Nf6 2. c4 g6 3. Nc3 Bg7 4. e4 d6 5. Nf3 0-0 6. h3 Na6 7. Be3 e5 8. d5 Nh5 9. a3 Qe8 10. b4 f5 11. Bd3 Nf4 12. Rg1 b6 13. Bc2 Qe7 14. Qd2 Nb8 15. 0-0-0 Nh5 16. Bg5 Bf6 17. exf5 gxf5 18. Bxf5 Bxf5 19. g4 Nf4 20. gxf5 Kh8 21. Ne4 Bxg5 22. Rxg5 Nd7 23. Qe3 Rg8 24. Rg3 Nf6 25. Nfg5 Nxe4 26. Nxe4 Rxg3 27. fxg3 Nh5 28. g4 Nf4 29. g5 Qf7 30. Ng3 Rg8 31. h4 Ng2 32. Qe4 Nf4 33. f6 h6 34. Rh1 Qg6 35. Qxg6 Rxg6 36. Nf5 Kh7 37. f7 1-0

[Event "Montevideo Biblioteca Nacional op"]
[Site "Montevideo"]
[Date "2019.07.23"]
[Round "4"]
[White "Rey, Fernando"]
[Black "Cano, Carlos2222"]
[Result "1-0"]
[WhiteElo "1674"]
[BlackElo "1685"]
[PlyCount "88"]
[EventDate "2019.07.02"]
[EventType "swiss"]
[EventRounds "6"]
[EventCountry "URU"]
[SourceTitle "EXT 2020"]
[Source "ChessBase"]
[SourceDate "2019.10.17"]
[SourceVersion "1"]
[SourceVersionDate "2019.10.17"]
[SourceQuality "1"]

1. e4 e5 2. Nf3 Nc6 3. Bb5 a6 4. Ba4 Nf6 5. 0-0 Be7 6. d3 b5 7. Bb3 d6 8. a4 Bb7 9. c3 0-0 10. Re1 Re8 11. Nbd2 Bf8 12. Nf1 g6 13. Ne3 Qd7 14. h3 Bg7 15. Nh2 Na5 16. Bc2 Nc6 17. Nhg4 Nxg4 18. Nxg4 h5 19. Nh2 Nd8 20. Bb3 Ne6 21. Be3 Nc5 22. Bxc5 dxc5 23. Nf3 Bh6 24. Nh4 Kg7 25. Qc2 Bg5 26. Nf3 Bf6 27. Qd2 Bc6 28. Qc2 Red8 29. Red1 g5 30. Kh2 g4 31. Ng1 Bg5 32. a5 f5 33. exf5 Qxf5 34. Qe2 Rf8 35. Rf1 Rae8 36. Bc2 e4 37. dxe4 Bxe4 38. Bxe4 Rxe4 39. Qc2 Qe5+ 40. g3 gxh3 41. Nxh3 Re2 42. Qd3 Rd2 43. Qb1 Bh6 44. Qe1 Rxb2 1-0

[Event "Montevideo Biblioteca Nacional op"]
[Site "Montevideo"]
[Date "2019.07.09"]
[Round "2"]
[White "Rey, Fernando"]
[Black "Baratta, Daniel"]
[Result "1-0"]
[WhiteElo "1674"]
[BlackElo "1198"]
[PlyCount "125"]
[EventDate "2019.07.02"]
[EventType "swiss"]
[EventRounds "6"]
[EventCountry "URU"]
[SourceTitle "EXT 2020"]
[Source "ChessBase"]
[SourceDate "2019.10.17"]
[SourceVersion "1"]
[SourceVersionDate "2019.10.17"]
[SourceQuality "1"]

1. e4 c6 2. d4 d5 3. exd5 cxd5 4. c4 e6 5. Nc3 Nf6 6. Nf3 Be7 7. cxd5 Nxd5 8. Bd3 Bd7 9. 0-0 Nc6 10. Re1 Qc7 11. a3 0-0-0 12. Nxd5 exd5 13. Be3 Bg4 14. Be2 h5 15. Rc1 Kb8 16. Ne5 Bd6 17. Nxc6+ bxc6 18. h3 Rde8 19. Qb3+ Ka8 20. Qa4 Bd7 21. Qc2 Re6 22. Bf3 Rg6 23. Kh1 Bf4 24. Bxd5 Bxe3 25. Rxe3 Rc8 26. Bf3 Qf4 27. Re4 Qg5 28. h4 Qf6 29. Qd2 Bh3 30. Qf4 Bf5 31. Re5 Bg4 32. Qxf6 Rxf6 33. Be4 Kb7 34. f3 Bd7 35. Rxh5 Rd6 36. Rd1 Kb6 37. b4 a6 38. Rc5 Rh8 39. g3 g6 40. Kg2 f5 41. Bb1 Re8 42. Kf2 Be6 43. Re5 Red8 44. Ke3 Bb3 45. Rd2 Bf7 46. a4 Bb3 47. a5+ Kb7 48. Re7+ Kb8 49. g4 f4+ 50. Kxf4 Rxd4+ 51. Rxd4 Rxd4+ 52. Re4 Rd1 53. Re5 Kb7 54. Bxg6 Rd4+ 55. Re4 Rd6 56. h5 Rf6+ 57. Bf5 Bd5 58. Re5 Kc7 59. g5 Rf8 60. h6 Kd6 61. h7 Bxf3 62. Re6+ Kc7 63. Rf6 1-0

[Event "Montevideo Duchamp Cup 3rd"]
[Site "Montevideo"]
[Date "2019.02.10"]
[Round "2"]
[White "Rey, Fernando"]
[Black "Umpierrez, Melina"]
[Result "1-0"]
[WhiteElo "1632"]
[BlackElo "1062"]
[PlyCount "75"]
[EventDate "2019.02.09"]
[EventType "swiss"]
[EventRounds "9"]
[EventCountry "URU"]
[SourceTitle "CBM 188 Extra"]
[Source "ChessBase"]
[SourceDate "2019.02.26"]
[SourceVersion "1"]
[SourceVersionDate "2019.02.26"]
[SourceQuality "1"]

1. e4 c6 2. d4 d5 3. exd5 cxd5 4. c4 dxc4 5. Bxc4 e6 6. Nf3 Be7 7. 0-0 h6 8. Nc3 Nf6 9. Bf4 a6 10. Qe2 0-0 11. Rfd1 b5 12. Bb3 Bb7 13. Rac1 Nbd7 14. Re1 Qb6 15. Rcd1 Rac8 16. d5 Nc5 17. d6 Bd8 18. Ne5 Bc6 19. Be3 Bd7 20. Ne4 Qa7 21. Nxf6+ Bxf6 22. Ng4 Bd8 23. Nxh6+ Kh7 24. Bc2+ g6 25. Ng4 Rh8 26. Bd4 Rf8 27. Nf6+ Kh6 28. Qe3+ Kg7 29. Nxd7+ Kg8 30. Nxf8 Kxf8 31. Qh6+ Ke8 32. d7+ Qxd7 33. Bxc5 Rxc5 34. Rxd7 Kxd7 35. Rd1+ Kc7 36. Qf4+ Kc8 37. Rxd8+ Kxd8 38. Qd6+ 1-0

[Event "URU-chTB"]
[Site "Montevideo"]
[Date "2018.07.07"]
[Round "3.14"]
[White "Rey, Fernando"]
[Black "Bril, Luis"]
[Result "1/2-1/2"]
[WhiteElo "1625"]
[BlackElo "1673"]
[PlyCount "95"]
[EventDate "2018.07.06"]
[EventType "team-swiss"]
[EventRounds "5"]
[EventCountry "URU"]
[SourceTitle "EXT 2019"]
[Source "ChessBase"]
[SourceDate "2018.10.10"]
[SourceVersion "1"]
[SourceVersionDate "2018.10.10"]
[SourceQuality "1"]
[WhiteTeam "Banco Republica II"]
[BlackTeam "Solis de Pando"]
[WhiteTeamCountry "URU"]
[BlackTeamCountry "URU"]

1. e4 c6 2. d4 d5 3. Nc3 dxe4 4. Nxe4 Bf5 5. Ng3 Bg6 6. Bc4 Nd7 7. N1e2 Ngf6 8. 0-0 e6 9. f4 Nd5 10. f5 exf5 11. Nxf5 Bxf5 12. Rxf5 g6 13. Rf1 Bg7 14. c3 0-0 15. Ng3 N7f6 16. Qf3 Qd7 17. h3 h6 18. Bd2 Rfe8 19. Qd3 b5 20. Bb3 Re7 21. Rae1 Rae8 22. Rxe7 Rxe7 23. Re1 Rxe1+ 24. Bxe1 Qe7 25. Bd2 a6 26. a4 Kh7 27. Bd1 Kh8 28. Bc2 Qd6 29. Ne4 Nxe4 30. Qxe4 Nc7 31. Bf4 Qd8 32. Bxc7 Qxc7 33. Bb3 Bf6 34. axb5 axb5 35. Qf3 Kg7 36. Qe3 Qe7 37. Qxe7 Bxe7 38. Bc2 Kf6 39. Kf2 Bd6 40. Kf3 Ke7 41. Be4 c5 42. Ke3 f5 43. Bc6 b4 44. Bd5 Kf6 45. dxc5 Bxc5+ 46. Kf3 g5 47. cxb4 Bxb4 48. g4 1/2-1/2

[Event "Montevideo Duchamp Cup 2nd"]
[Site "Montevideo"]
[Date "2018.02.04"]
[Round "5"]
[White "Rey, Fernando"]
[Black "Kulik, Nicolas"]
[Result "0-1"]
[WhiteElo "1655"]
[BlackElo "1292"]
[PlyCount "88"]
[EventDate "2018.02.02"]
[EventType "swiss"]
[EventRounds "9"]
[EventCountry "URU"]
[SourceTitle "CBM 182 Extra"]
[Source "ChessBase"]
[SourceDate "2018.02.23"]
[SourceVersion "1"]
[SourceVersionDate "2018.02.23"]
[SourceQuality "1"]

1. e4 e6 2. d4 d5 3. Nd2 dxe4 4. Nxe4 Nd7 5. Nf3 Ngf6 6. Bd3 Nxe4 7. Bxe4 Nf6 8. Bd3 Bd7 9. 0-0 Be7 10. c3 Bc6 11. Re1 0-0 12. Qe2 Re8 13. Bf4 Nd5 14. Bg3 Qd7 15. Ne5 Qd8 16. Qh5 g6 17. Qe2 Bd7 18. Qf3 f5 19. h3 c5 20. Qe2 f4 21. Bh2 Rf8 22. Qc2 cxd4 23. Bxg6 hxg6 24. Qxg6+ Kh8 25. Nf7+ Rxf7 26. Qxf7 Qe8 27. Qxe8+ Rxe8 28. cxd4 Nb4 29. Rec1 Nd5 30. a3 Bf6 31. Rd1 Rc8 32. Rd2 Rc4 33. Rad1 Ba4 34. Re1 Bxd4 35. g3 f3 36. g4 Kg7 37. Be5+ Bxe5 38. Rxe5 Kf6 39. Rh5 Nf4 40. Rh7 Ne2+ 41. Kh2 Bc6 42. Rh8 Rc1 43. h4 Rg1 44. Kh3 Rh1# 0-1

[Event "Montevideo Trebejos op 09"]
[Site "Montevideo"]
[Date "2016.10.10"]
[Round "5"]
[White "Rey, Fernando"]
[Black "Fernandez Cuneo, Carlos"]
[Result "0-1"]
[WhiteElo "1653"]
[BlackElo "1737"]
[PlyCount "102"]
[EventDate "2016.09.28"]
[EventType "swiss"]
[EventRounds "7"]
[EventCountry "URU"]
[SourceTitle "EXT 2018"]
[Source "ChessBase"]
[SourceDate "2017.10.13"]
[SourceVersion "1"]
[SourceVersionDate "2017.10.13"]
[SourceQuality "1"]

1. e4 c5 2. Nc3 d6 3. g3 Nc6 4. Bg2 Nf6 5. d3 e6 6. Nge2 Be7 7. 0-0 0-0 8. h3 a6 9. Be3 d5 10. exd5 exd5 11. Bg5 d4 12. Bxf6 Bxf6 13. Ne4 Be7 14. Nf4 Bd7 15. Qh5 g6 16. Qd1 Rc8 17. Nd5 Be6 18. Nxe7+ Qxe7 19. Qd2 Ne5 20. f4 f5 21. Ng5 Nf7 22. Nxe6 Qxe6 23. Rae1 Qd7 24. b3 Rfe8 25. Rxe8+ Rxe8 26. Re1 Rxe1+ 27. Qxe1 b6 28. Qe2 a5 29. a4 Kf8 30. Kf2 Qe7 31. Bd5 Qxe2+ 32. Kxe2 Nd6 33. Bc6 Ke7 34. Kf3 Kf6 35. Kg2 h6 36. Kf3 g5 37. fxg5+ hxg5 38. g4 f4 39. Bd7 Ke5 40. Bc6 Nf7 41. Be4 Nd6 42. Bc6 Nc8 43. Bb5 Ne7 44. Ke2 Ng6 45. Bc6 Nh4 46. Be4 f3+ 47. Bxf3 Kf4 48. Be4 Kg3 49. Bf5 Kxh3 50. Kf2 Ng2 51. Ke2 Kg3 0-1

[Event "Montevideo Trebejos op 09"]
[Site "Montevideo"]
[Date "2016.10.05"]
[Round "4"]
[White "Rey, Fernando"]
[Black "Avedisian, Alexander"]
[Result "0-1"]
[WhiteElo "1653"]
[BlackElo "1888"]
[PlyCount "78"]
[EventDate "2016.09.28"]
[EventType "swiss"]
[EventRounds "7"]
[EventCountry "URU"]
[SourceTitle "EXT 2018"]
[Source "ChessBase"]
[SourceDate "2017.10.13"]
[SourceVersion "1"]
[SourceVersionDate "2017.10.13"]
[SourceQuality "1"]

1. e4 c5 2. Nc3 g6 3. g3 Bg7 4. Bg2 d6 5. d3 Nc6 6. f4 e5 7. Nh3 exf4 8. Nxf4 Nge7 9. 0-0 0-0 10. Be3 Ne5 11. h3 Rb8 12. Qd2 b5 13. Ncd5 Nxd5 14. Nxd5 Be6 15. Nf4 Bd7 16. Nd5 Bc6 17. Bh6 Bxd5 18. Bxg7 Kxg7 19. exd5 b4 20. c4 f5 21. b3 Qf6 22. Rad1 a5 23. d4 Nd7 24. dxc5 Nxc5 25. Qd4 Qxd4+ 26. Rxd4 Rbe8 27. Bf3 Re3 28. Kf2 Rfe8 29. Rfd1 Rc3 30. Bg2 g5 31. g4 f4 32. R4d2 Ree3 33. Kg1 f3 34. Bf1 Ne4 35. Rd3 f2+ 36. Kg2 Rg3+ 37. Rxg3 Rxg3+ 38. Kh2 Rg1 39. Be2 Rxd1 0-1

[Event "Montevideo Trebejos op 09"]
[Site "Montevideo"]
[Date "2016.10.03"]
[Round "3"]
[White "Muniz, Rafael"]
[Black "Rey, Fernando"]
[Result "1-0"]
[WhiteElo "2252"]
[BlackElo "1653"]
[PlyCount "69"]
[EventDate "2016.09.28"]
[EventType "swiss"]
[EventRounds "7"]
[EventCountry "URU"]
[SourceTitle "EXT 2018"]
[Source "ChessBase"]
[SourceDate "2017.10.13"]
[SourceVersion "1"]
[SourceVersionDate "2017.10.13"]
[SourceQuality "1"]

1. e4 e5 2. Nf3 Nc6 3. Bc4 Bc5 4. 0-0 Nf6 5. d3 d6 6. c3 0-0 7. a4 a5 8. Nbd2 Ne7 9. d4 exd4 10. cxd4 Ba7 11. e5 dxe5 12. dxe5 Nfd5 13. Ne4 h6 14. Qe2 Be6 15. Rd1 Qc8 16. Bd2 Nb4 17. Rac1 Bxc4 18. Qxc4 Nbc6 19. Bc3 Qe6 20. Qxe6 fxe6 21. Nd4 Nxd4 22. Bxd4 Nd5 23. Bxa7 Rxa7 24. Nc5 Kf7 25. Rc4 Ke7 26. Rcd4 Rd8 27. Rg4 Rg8 28. Rg6 Ra6 29. Nxa6 bxa6 30. Rg3 Kd7 31. h4 Ke7 32. Rd4 Kf7 33. h5 Ke7 34. Rc4 Kd7 35. Rcg4 1-0

[Event "URU pre olympic"]
[Site "Punta del Este"]
[Date "2014.06.20"]
[Round "1"]
[White "Saralegui Cassan, Mario"]
[Black "Rey, Fernando"]
[Result "1-0"]
[WhiteElo "2087"]
[BlackElo "1606"]
[PlyCount "104"]
[EventDate "2014.06.20"]
[EventType "swiss"]
[EventRounds "5"]
[EventCountry "URU"]
[SourceTitle "EXT 2018"]
[Source "ChessBase"]
[SourceDate "2017.10.13"]
[SourceVersion "1"]
[SourceVersionDate "2017.10.13"]
[SourceQuality "1"]

1. d4 Nf6 2. Nf3 g6 3. c4 Bg7 4. Nc3 d6 5. e4 0-0 6. Be2 e5 7. Be3 Nc6 8. d5 Ne7 9. Nd2 Nd7 10. Qc2 a5 11. g4 h6 12. g5 h5 13. h4 c6 14. Nf1 cxd5 15. cxd5 Nc5 16. Nb5 b6 17. Ng3 Ba6 18. Rc1 Qd7 19. Nc3 Rfc8 20. Bxa6 Rxa6 21. Qe2 Raa8 22. Kf1 Na4 23. Kg2 Nxc3 24. Rxc3 Rxc3 25. bxc3 b5 26. Rb1 Rb8 27. a3 Rb7 28. Bd2 a4 29. Rb4 Nc8 30. c4 bxc4 31. Rxb7 Qxb7 32. Qxc4 Qd7 33. Bb4 Bf8 34. Qc6 Qxc6 35. dxc6 Be7 36. Ne2 Bd8 37. Nc3 Kf8 38. Nxa4 Ke7 39. Nc3 Bc7 40. Nd5+ Kd8 41. f4 exf4 42. Bc3 Na7 43. Bf6+ Kc8 44. Ne7+ Kb8 45. Bd4 Nb5 46. Bb2 Ka7 47. a4 Bd8 48. axb5 Bxe7 49. Bd4+ Kb8 50. b6 Bd8 51. Kf3 Be7 52. Kxf4 Bd8 1-0

[Event "URU-ch sf"]
[Site "Montevideo"]
[Date "2014.03.03"]
[Round "6"]
[White "Rey, Fernando"]
[Black "Larrea, Daniela"]
[Result "0-1"]
[WhiteElo "1600"]
[BlackElo "1692"]
[PlyCount "59"]
[EventDate "2014.02.28"]
[EventType "swiss"]
[EventRounds "9"]
[EventCountry "URU"]
[SourceTitle "CBM 159 Extra"]
[Source "ChessBase"]
[SourceDate "2014.04.24"]
[SourceVersion "1"]
[SourceVersionDate "2014.04.24"]
[SourceQuality "1"]

1. e4 c5 2. Nc3 d6 3. g3 Nf6 4. Bg2 g6 5. d3 Bg7 6. f4 0-0 7. Nf3 Nc6 8. 0-0 Bg4 9. h3 Bd7 10. g4 e5 11. f5 h6 12. fxg6 fxg6 13. Qe1 Nh7 14. Be3 Nd4 15. Qd2 Nxf3+ 16. Bxf3 Qh4 17. Qg2 Ng5 18. Bxg5 Qxg5 19. Rae1 Rf7 20. Nd5 Raf8 21. Qg3 Be6 22. Nc3 Qd8 23. a3 Bf6 24. Qg2 Bh4 25. Rb1 Qg5 26. Qe2 h5 27. Bg2 hxg4 28. Rxf7 Rxf7 29. Kh1 Rf2 30. Qe3 0-1